000 00316nam a2200133Ia 4500
008 240624s9999 xx 000 0 und d
041 _aeng
082 _a658.4092 ELL
100 _aELLIOT JAY
245 _aSTEVE JOBS WAY
260 _c2011
_aMumbai
_bJaico Publishing House
300 _a256 : p.
365 _cRS
_b25
999 _c18177
_d18177